000 00457nam a2200157 i 4500
001 60460
003 ES-MaACL
005 20230906164233.0
007 t|
008 031104s1971 sp ||||1| spa d
100 1 _aEsteban Carrion, Francisco.
_948045
245 1 0 _aNueva Química elemental /
_cpor Francisco Estevan Carrión.
260 _aZaragoza :
_b[s.n.,
_c1971] (
_fEl Noticiero)
300 _a95 p. ;
_c17 cm.
852 _aES-MaACL
_jC-40791
_bR.79080
999 _c60460
_d60460